Central Library OPAC University of Rajshahi

A disturbing influence / (Record no. 19037)

MARC details
000 -LEADER
fixed length control field 00664nam a22002172a 4500
001 - CONTROL NUMBER
control field 19037
003 - CONTROL NUMBER IDENTIFIER
rucl marc code BD-RjUL
005 - DATE AND TIME OF LATEST TRANSACTION
control field 20211209000356.0
008 - FIXED-LENGTH DATA ELEMENTS--GENERAL INFORMATION
fixed length control field 140223m19631962enk 000 1 eng d
035 ## - SYSTEM CONTROL NUMBER
System control number OCLC ocm33885685 from D960415M
-- (BD-RjUL)19095
040 ## - CATALOGING SOURCE
Original cataloging agency SFR
Transcribing agency SFR
Modifying agency EQO
-- BD-RjUL
Language of cataloging eng
041 ## - LANGUAGE CODE
Language code of text/sound track or separate title eng
082 ## - DEWEY DECIMAL CLASSIFICATION NUMBER
Classification number 823.9
Author mark and year MID 1963
100 1# - MAIN ENTRY--PERSONAL NAME
Personal name Mitchell, Julian,
Dates associated with a name 1935-
9 (RLIN) 58653
245 12 - TITLE STATEMENT
Title A disturbing influence /
Statement of responsibility, etc. Julian Mitchell
260 ## - PUBLICATION, DISTRIBUTION, ETC. (IMPRINT)
Place of publication, distribution, etc. London :
Name of publisher, distributor, etc. Panther Books,
Date of publication, distribution, etc. c1962, 1963
300 ## - PHYSICAL DESCRIPTION
Pagination 141 p. ;
Size 17 cm
650 #0 - SUBJECT ADDED ENTRY--TOPICAL TERM
Topical term or geographic name as entry element Teenagers
General subdivision Sexual behavior
-- Fiction
9 (RLIN) 58654
Topical term or geographic name as entry element Influence (Psychology)
General subdivision Fiction
9 (RLIN) 58655
942 ## - ADDED ENTRY ELEMENTS (KOHA)
Source of classification or shelving scheme Dewey Decimal Classification
Koha item type Books
Holdings
Lost status Source of classification or shelving scheme Damaged status Not for loan Collection code Permanent Location Current Location Shelving location Date acquired Source of acquisition Cost, normal purchase price Total Checkouts Full call number Date last seen Copy number Koha item type
  Dewey Decimal Classification   Not For Loan Fiction Central Library, University of Rajshahi Central Library, University of Rajshahi Reading Room 09/10/1973 paramamt book 3.85   823.9 MID 1963 23/02/2014 C-1 Books